| 000 | 00961nam a2200277Ia 4500 | ||
|---|---|---|---|
| 001 | Para_2953 | ||
| 003 | CHAP | ||
| 008 | 220125s1983 xx 000 0 und d | ||
| 010 | _a201493 | ||
| 040 | _cCHAP | ||
| 090 | _aPA FOLLETO 2981 | ||
| 100 |
_aMedina Esparza, J. Jesús _973959 |
||
| 245 |
_aGuía para producir sandía en los suelos pedregosos de Yucatán / _c por J. Jesús Medina Esparza |
||
| 260 |
_aMérida, Yuc. : _b INIA. Campo Agrícola Experimental de la Zona Henequenera |
||
| 300 | _a21 p. | ||
| 440 |
_aFolleto productores; 3 _9166419 |
||
| 650 |
_aSandía _x Yucatán Sandía _x Variedades _9166420 |
||
| 710 |
_aInstituto Nacional de Investigaciones Agrícolas. México. Campo Agrícola Experimental de la zona Henequenera _9164801 |
||
| 901 | _aPA FOLLETO 2981 | ||
| 902 | _aA | ||
| 905 | _a0000001983 MERa 0000000000 00 | ||
| 910 | _a1983 | ||
| 942 | _cPARA | ||
| 942 |
_cPARA _d1 |
||
| 999 |
_c201493 _d201493 |
||